000 00496nam a22001457a 4500
005 20250730130826.0
008 250730b |||||||| |||| 00| 0 eng d
050 _aTHE HD 38.5 .M45 2016
_bC. 1
100 _aMEKUBO, ROSELINE KERUBO
245 _aAN ASSESSMENT OF THE EFFECTS OF GREEN PROCUREMENT POLICY ON ORGANIZATIONAL PERFORMANCE
_bA CASE OF NAKUMATT SUPERMARKET- KISII BRANCH
260 _aKISII
_bKSU
_c2016
300 _aX, 33P., ILL:
500 _aINCLUDES REFERENCES
942 _2lcc
_cREF
999 _c215983
_d215983